[Schedules of accommodation, memorandums and professional practice list] (Record no. 105189)
[ view plain ]
| 000 -LEADER | |
|---|---|
| fixed length control field | 00774cam a2200193 4500 |
| 001 - CONTROL NUMBER | |
| control field | ##L132568 |
| 008 - FIXED-LENGTH DATA ELEMENTS--GENERAL INFORMATION | |
| fixed length control field | 060217n1956 000 0 eng u |
| 035 ## - SYSTEM CONTROL NUMBER | |
| System control number | (Sirsi) u132568 |
| 041 0# - LANGUAGE CODE | |
| Language code of text/sound track or separate title | eng |
| 050 04 - LIBRARY OF CONGRESS CALL NUMBER | |
| Classification number | 333.0062 $2 18 |
| 110 2# - MAIN ENTRY--CORPORATE NAME | |
| Corporate name or jurisdiction name as entry element | Valuers Institution |
| 245 00 - TITLE STATEMENT | |
| Title | [Schedules of accommodation, memorandums and professional practice list] |
| 260 ## - PUBLICATION, DISTRIBUTION, ETC. | |
| Place of publication, distribution, etc. | [S.l.] |
| Name of publisher, distributor, etc. | [s.n.] |
| Date of publication, distribution, etc. | 1956 |
| 300 ## - PHYSICAL DESCRIPTION | |
| Extent | 3 leaves |
| Dimensions | 34cm. |
| 505 0# - FORMATTED CONTENTS NOTE | |
| Formatted contents note | 30071937: Schedule of accomodation and other relevant material - Memorandum and articles of association - Professional practice committee, 16th May 1956 |
| 505 0# - FORMATTED CONTENTS NOTE | |
| Formatted contents note | 30071936: Schedule of accomodation and other relevant material - Memorandum and articles of association |
| 690 ## - LOCAL SUBJECT ADDED ENTRY--TOPICAL TERM (OCLC, RLIN) | |
| Topical term or geographic name as entry element | PROPERTY-PROPERTY VALUATION AND APPRAISAL |
| 942 ## - ADDED ENTRY ELEMENTS (KOHA) | |
| Suppress in OPAC | 0 |
| Withdrawn status | Lost status | Source of classification or shelving scheme | Damaged status | Not for loan | Home library | Current library | Shelving location | Date acquired | Total Checkouts | Full call number | Barcode | Date last seen | Copy number | Price effective from | Koha item type |
|---|---|---|---|---|---|---|---|---|---|---|---|---|---|---|---|
| Dewey Decimal Classification | London | London | RICS Boxes | 17/02/2006 | ISVA/34 | 30071936 | 06/08/2019 | 1 | 06/08/2019 | Reference material | |||||
| Dewey Decimal Classification | London | London | RICS Boxes | 17/02/2006 | ISVA/34 | 30071937 | 06/08/2019 | 2 | 06/08/2019 | Reference material |